|
|
|
|
| LEADER |
00000nam a2200000 4500 |
| 001 |
vtls011919525 |
| 003 |
SK-MaSNL |
| 005 |
20260302093438.0 |
| 007 |
co cg auuua |
| 008 |
200224s2018 xo | fqn 000 0 slo |
| 015 |
|
|
|a SNBS2020
|
| 020 |
|
|
|a 9788022546010
|q (elektronická kniha)
|
| 040 |
|
|
|a SNK
|b slo
|c SNK
|e rda
|
| 041 |
0 |
|
|a slo
|
| 043 |
|
|
|a e-xo---
|
| 044 |
|
|
|a xo
|c SK
|
| 072 |
|
7 |
|a 33
|x Ekonómia
|2 konspekt
|
| 080 |
|
|
|a 330.35
|2 2011
|
| 080 |
|
|
|a 330.34
|2 2011
|
| 080 |
|
|
|a 338.24.021.8
|2 2011
|
| 080 |
|
|
|a 17.023.35
|2 2011
|
| 080 |
|
|
|a (437.6)
|2 2011
|
| 080 |
|
|
|a (048.8)
|2 2011
|
| 080 |
|
|
|a (0.034.44)
|2 2011
|
| 100 |
1 |
|
|a Fifeková, Elena,
|d 1953-
|4 aut
|9 216272
|
| 245 |
1 |
0 |
|a Ekonomický rast a blahobyt
|c Elena Fifeková - Andrea Valachová - Edmund Fifek - Matej Valach
|
| 264 |
|
1 |
|a Bratislava
|b Ekonóm
|c 2018
|
| 300 |
|
|
|a 1 CD-ROM
|c 12 cm
|
| 336 |
|
|
|a text
|b txt
|2 rdacontent
|
| 337 |
|
|
|a počítač
|b c
|2 rdamedia
|
| 338 |
|
|
|a počítačový disk
|b cd
|2 rdacarrier
|
| 347 |
|
|
|a textový súbor
|b PDF
|2 rda
|
| 500 |
|
|
|a Nad názvom: Ekonomická univerzita v Bratislave, Národohospodárska fakulta
|
| 504 |
|
|
|a Obsahuje bibliografické odkazy a bibliografiu
|
| 650 |
0 |
7 |
|a ekonomický rast
|2 SNKPH
|9 2146
|
| 650 |
0 |
7 |
|a ekonomický rozvoj
|2 SNKPH
|9 49952
|
| 650 |
0 |
7 |
|a ekonomické reformy
|2 SNKPH
|9 2145
|
| 650 |
0 |
7 |
|a blahobyt
|2 SNKPH
|9 71517
|
| 650 |
0 |
7 |
|a Economic growth
|2 SNKPHeng
|9 302768
|
| 650 |
0 |
7 |
|a Economic development
|2 SNKPHeng
|9 265578
|
| 650 |
0 |
7 |
|a Economic reforms
|2 SNKPHeng
|9 327982
|
| 650 |
0 |
7 |
|a Welfare
|2 SNKPHeng
|9 355153
|
| 655 |
|
7 |
|a monografie
|2 SNKPH
|9 70139
|
| 655 |
|
7 |
|a CD-ROM
|2 SNKPH
|9 70236
|
| 655 |
|
7 |
|a Monographs
|2 SNKPHeng
|9 120675
|
| 700 |
1 |
|
|a Valachová, Andrea,
|d 1987-
|4 aut
|9 216278
|
| 700 |
1 |
|
|a Fifek, Edmund,
|d 1952-
|4 aut
|9 8990
|
| 700 |
1 |
|
|a Valach, Matej,
|d 1983-
|4 aut
|9 764302
|
| 710 |
2 |
|
|a Ekonomická univerzita v Bratislave.
|b Národohospodárska fakulta
|4 pbl
|9 177166
|
| 919 |
|
|
|a 978-80-225-4601-0
|
| 958 |
|
|
|a NB
|
| 999 |
|
|
|c 1208950
|d 1210880
|
| 952 |
|
|
|a SNK
|b SNK
|y PREZ
|7 0
|p 17A1416063
|o snkSCDM 11060
|i snk2020/4486
|8 0
|0 0
|1 0
|4 0
|d 2020-02-24
|l 0
|r 2026-02-24 23:07:33
|w 2026-02-24
|
| 952 |
|
|
|t snkEKO 330.35
|a SNKMST
|b SNKMST
|y PREZ
|7 0
|p 17A1416064
|o snkSCDM 11060 D1
|i snk2020/4488
|8 0
|0 0
|1 0
|4 0
|d 2020-02-24
|l 0
|r 2025-08-11 00:00:00
|w 2026-02-24
|